01367nam a2200289 i 4500003000900000005001700009007000300026008004100029040003000070082001300100100006800113245020800181246011400389264004500503300002700548336002700575337003300602338002800635500006700663590002700730700004500757700003800802910001400840942001300854952019300867999001701060DO-SdBNP20250217091458.0ta240417s1999 dr 001 0 spa d aDO-SdBNPbspacBNPHUerda 4bL8642221 a López Rodríguez, Nicolás de Jesús, d1936-eautor967013aHomilía y panegírico :bTraslado de los restos de Don Francisco Gregorio Billini al Panteón Nacional /cNicolás de Jesús López Rodríguez, Leonel Fernández ; edición Rafael Bello Peguero13aTraslado de los restos de Don Francisco Gregorio Billini al Panteón Nacional :bhomilía y panegírico / aSanto Domingo :bAmigo del Hogar,c1999. a21 páginas ;b20 cm. 2rdacontentatextobtxt 2rdamediaasin mediaciónbn 2rdacarrieravolumenbnc aArzobispo Metropolitano de Santo Domingo Primado de América. aInventariado, 2024/ YL1 aBello Peguero, Rafael eedición 969601 aFernández, Leoneleautor980364 aYLockward 2ddccLF2 00102ddc51708DS-FaBNPHUbBNPHUcCTd2023-03-01eDonación l0oBNPHU F-PD L864p2024-2341r2024-04-17w2024-04-17yLF2zPerteneció a la biblioteca personal de Emilio Cordero Michel c56439d56439